| 000 | 00401nam a22001697a 4500 | ||
|---|---|---|---|
| 003 | CEME | ||
| 005 | 20210628203912.0 | ||
| 008 | 210308b xxu||||| |||| 00| 0 eng d | ||
| 020 | _a81-7029-616-1 | ||
| 040 | _c. | ||
| 082 | _a005.13 KIN'T | ||
| 100 |
_aKing, Nelson _967420 |
||
| 245 | _aVisual foxpro 3 , for windows | ||
| 260 |
_aNEW DELHI _bBPB _c1995 |
||
| 300 | _aXII,482P | ||
| 942 |
_cBK _2ddc |
||
| 999 |
_c575485 _d575485 |
||